[Event "GER-ch Seniors 65 31st"]
[Site "Radebeul"]
[Date "2019.04.29"]
[Round "4"]
[White "Girod, Gudrun"]
[Black "Richter, Andreas3333"]
[Result "0-1"]
[WhiteElo "1487"]
[BlackElo "1814"]
[PlyCount "76"]
[EventDate "2019.04.26"]
[EventType "swiss"]
[EventRounds "9"]
[EventCountry "GER"]
[SourceTitle "CBM 190 Extra"]
[Source "ChessBase"]
[SourceDate "2019.07.15"]
[SourceVersion "1"]
[SourceVersionDate "2019.07.15"]
[SourceQuality "1"]

1. d4 Nf6 2. Bf4 g6 3. h3 d5 4. e3 c5 5. Bxb8 Rxb8 6. Bb5+ Bd7 7. Bxd7+ Nxd7 8. c3 Bg7 9. Nf3 0-0 10. 0-0 cxd4 11. exd4 Qb6 12. Qc2 Rbc8 13. Qd2 Nf6 14. Na3 a6 15. Rab1 Ne4 16. Qd3 Rfe8 17. Nc2 f6 18. Ne3 Qc6 19. Qd1 b5 20. Qb3 Rcd8 21. a3 Kh8 22. Rfd1 e6 23. Qc2 Qd6 24. Nf1 g5 25. N3d2 Qf4 26. Nxe4 dxe4 27. Qd2 Qh4 28. Qe3 f5 29. Qg3 Qh5 30. f3 f4 31. Qg4 Qxg4 32. hxg4 e3 33. Re1 e5 34. Nxe3 fxe3 35. Rxe3 exd4 36. Rxe8+ Rxe8 37. cxd4 Bxd4+ 38. Kh2 Re2 0-1

[Event "MVP-ch Seniors op 18th"]
[Site "Ostseebad Binz"]
[Date "2018.12.01"]
[Round "4"]
[White "Mueller, Dieter5555"]
[Black "Girod, Gudrun"]
[Result "1-0"]
[WhiteElo "1601"]
[BlackElo "1495"]
[PlyCount "81"]
[EventDate "2018.11.28"]
[EventType "swiss"]
[EventRounds "9"]
[EventCountry "GER"]
[SourceTitle "CBM 188 Extra"]
[Source "ChessBase"]
[SourceDate "2019.02.26"]
[SourceVersion "1"]
[SourceVersionDate "2019.02.26"]
[SourceQuality "1"]

1. Nf3 e6 2. c4 d5 3. g3 Nf6 4. Bg2 Be7 5. d3 dxc4 6. Qa4+ c6 7. Qxc4 0-0 8. 0-0 Nbd7 9. Nbd2 Nb6 10. Qc2 Nbd5 11. a3 Bd7 12. b4 Rc8 13. e4 Nb6 14. d4 h6 15. Ne5 Nh7 16. Nxd7 Qxd7 17. Nb3 Bg5 18. f4 Bd8 19. Bb2 f5 20. Nc5 Qe7 21. e5 Nd5 22. Bc1 Bb6 23. Bd2 Bxc5 24. dxc5 b6 25. Rac1 b5 26. Ra1 g5 27. Qb3 Kg7 28. a4 a6 29. axb5 axb5 30. Ra6 Qd7 31. Qa2 g4 32. Ra7 Rc7 33. Ra1 Rf7 34. Ra3 Qd8 35. Bxd5 Qxd5 36. Qxd5 exd5 37. Be3 Kg6 38. Ra6 Rfe7 39. Rd1 Re6 40. Rxd5 Rce7 41. Rd6 1-0

[Event "MVP-ch Seniors op 18th"]
[Site "Ostseebad Binz"]
[Date "2018.11.30"]
[Round "3"]
[White "Girod, Gudrun"]
[Black "Neumann, Horst1111"]
[Result "1/2-1/2"]
[WhiteElo "1495"]
[BlackElo "1652"]
[PlyCount "30"]
[EventDate "2018.11.28"]
[EventType "swiss"]
[EventRounds "9"]
[EventCountry "GER"]
[SourceTitle "CBM 188 Extra"]
[Source "ChessBase"]
[SourceDate "2019.02.26"]
[SourceVersion "1"]
[SourceVersionDate "2019.02.26"]
[SourceQuality "1"]

1. d4 d5 2. Bf4 Nf6 3. h3 Nc6 4. e3 e6 5. Bb5 Bd7 6. Bxc6 Bxc6 7. Nf3 h6 8. c3 Bd6 9. Bxd6 Qxd6 10. Nbd2 0-0 11. 0-0 a6 12. Ne5 Nd7 13. Ndf3 f6 14. Nxd7 Bxd7 15. Re1 b5 1/2-1/2

[Event "MVP-ch Seniors op 18th"]
[Site "Ostseebad Binz"]
[Date "2018.11.29"]
[Round "2"]
[White "Schmidt, Gerhard2222"]
[Black "Girod, Gudrun"]
[Result "1-0"]
[WhiteElo "1733"]
[BlackElo "1495"]
[PlyCount "79"]
[EventDate "2018.11.28"]
[EventType "swiss"]
[EventRounds "9"]
[EventCountry "GER"]
[SourceTitle "CBM 188 Extra"]
[Source "ChessBase"]
[SourceDate "2019.02.26"]
[SourceVersion "1"]
[SourceVersionDate "2019.02.26"]
[SourceQuality "1"]

1. e4 c6 2. Nf3 d5 3. exd5 cxd5 4. d4 e6 5. g3 Nf6 6. Bg2 Nbd7 7. 0-0 Be7 8. Re1 0-0 9. Nbd2 b6 10. c3 Bb7 11. Qc2 h6 12. Nh4 Nh7 13. Ndf3 Bxh4 14. Nxh4 Nhf6 15. Re2 Ba6 16. Re1 Bb7 17. Bd2 b5 18. a4 a6 19. a5 Re8 20. Nf3 Ne4 21. Bf4 Rc8 22. Ne5 Nxe5 23. Bxe5 f5 24. f3 Nd6 25. Bf4 Nc4 26. b4 Nd6 27. Re2 Nf7 28. Rae1 g5 29. Bd2 Qd7 30. g4 Kg7 31. gxf5 exf5 32. Rxe8 Rxe8 33. Rxe8 Qxe8 34. Qxf5 Qe2 35. Qc2 Bc8 36. Qc1 Bf5 37. Qe1 Bd3 38. Qxe2 Bxe2 39. f4 Bd3 40. Bxd5 1-0

[Event "GER-ch Seniors 65"]
[Site "Hamburg"]
[Date "2018.07.21"]
[Round "1"]
[White "Ophoff, Rigobert"]
[Black "Girod, Gudrun"]
[Result "1/2-1/2"]
[WhiteElo "1892"]
[BlackElo "1496"]
[PlyCount "50"]
[EventDate "2018.07.21"]
[EventType "swiss"]
[EventRounds "9"]
[EventCountry "GER"]
[SourceTitle "CBM 186 Extra"]
[Source "ChessBase"]
[SourceDate "2018.08.24"]
[SourceVersion "1"]
[SourceVersionDate "2018.08.24"]
[SourceQuality "1"]

1. d4 d5 2. c4 e6 3. Nc3 Nf6 4. Nf3 h6 5. Bf4 Bd6 6. Bg3 0-0 7. e3 c6 8. Qc2 Bb4 9. Bd3 Bxc3+ 10. bxc3 Nbd7 11. 0-0 dxc4 12. Bxc4 Nd5 13. Rab1 N7f6 14. Ne5 Ne7 15. Bd3 Nf5 16. e4 Nxg3 17. fxg3 Nd7 18. Nc4 Nb6 19. Ne3 Qg5 20. Qf2 f5 21. exf5 exf5 22. Nxf5 Bxf5 23. Bxf5 Kh8 24. Qf4 Qxf4 25. Rxf4 Nd5 1/2-1/2

[Event "MVP-ch Seniors op 16th"]
[Site "Binz"]
[Date "2016.12.01"]
[Round "9.75"]
[White "Graffenberger, Wilhelm"]
[Black "Girod, Gudrun"]
[Result "1/2-1/2"]
[WhiteElo "1712"]
[BlackElo "1482"]
[PlyCount "21"]
[EventDate "2016.11.23"]
[EventType "swiss"]
[EventRounds "9"]
[EventCountry "GER"]
[SourceTitle "EXT 2018"]
[Source "ChessBase"]
[SourceDate "2017.10.13"]
[SourceVersion "1"]
[SourceVersionDate "2017.10.13"]
[SourceQuality "1"]

1. d4 d5 2. Nf3 e6 3. e3 h6 4. Bd3 Nf6 5. Nbd2 Be7 6. 0-0 0-0 7. Re1 Nbd7 8. e4 dxe4 9. Nxe4 Nxe4 10. Rxe4 Nf6 11. Re1 1/2-1/2

[Event "MVP-ch Seniors op 16th"]
[Site "Binz"]
[Date "2016.11.30"]
[Round "8.82"]
[White "Girod, Gudrun"]
[Black "Heinke, Richard"]
[Result "1/2-1/2"]
[WhiteElo "1482"]
[BlackElo "1592"]
[PlyCount "39"]
[EventDate "2016.11.23"]
[EventType "swiss"]
[EventRounds "9"]
[EventCountry "GER"]
[SourceTitle "EXT 2018"]
[Source "ChessBase"]
[SourceDate "2017.10.13"]
[SourceVersion "1"]
[SourceVersionDate "2017.10.13"]
[SourceQuality "1"]

1. d4 d5 2. Bf4 c5 3. Bxb8 Rxb8 4. e3 Nf6 5. Nf3 Bg4 6. Be2 e6 7. 0-0 Bd6 8. Nbd2 0-0 9. h3 Bh5 10. c3 c4 11. Rc1 b5 12. Ne5 Bxe2 13. Qxe2 Bxe5 14. dxe5 Nd7 15. f4 Nc5 16. Rc2 b4 17. cxb4 Rxb4 18. b3 Qa5 19. bxc4 dxc4 20. Nxc4 1/2-1/2

[Event "MVP-ch Seniors op 16th"]
[Site "Binz"]
[Date "2016.11.28"]
[Round "6.81"]
[White "Girod, Gudrun"]
[Black "Schwenke, Norbert"]
[Result "1/2-1/2"]
[WhiteElo "1482"]
[BlackElo "1631"]
[PlyCount "73"]
[EventDate "2016.11.23"]
[EventType "swiss"]
[EventRounds "9"]
[EventCountry "GER"]
[SourceTitle "EXT 2018"]
[Source "ChessBase"]
[SourceDate "2017.10.13"]
[SourceVersion "1"]
[SourceVersionDate "2017.10.13"]
[SourceQuality "1"]

1. d4 Nf6 2. Bf4 d5 3. h3 Nc6 4. e3 Bf5 5. Bb5 Qd7 6. Nf3 a6 7. Ne5 Qe6 8. Bxc6+ bxc6 9. Nd2 Nd7 10. 0-0 Nxe5 11. Bxe5 Qc8 12. c3 Rb8 13. b4 e6 14. a3 f6 15. Bh2 Bd6 16. Bxd6 cxd6 17. Rc1 0-0 18. c4 Qe8 19. c5 dxc5 20. Rxc5 Qg6 21. Kh2 Bd3 22. Re1 Rbc8 23. Qg4 Qxg4 24. hxg4 Kf7 25. Rec1 Bb5 26. f3 g5 27. Kg3 Kg6 28. Re1 f5 29. f4 fxg4 30. Kxg4 h5+ 31. Kg3 h4+ 32. Kg4 Bd3 33. Kf3 Bf5 34. Kf2 Bd3 35. g3 hxg3+ 36. Kxg3 Bf5 37. Nf3 1/2-1/2

[Event "MVP-ch Seniors op 16th"]
[Site "Binz"]
[Date "2016.11.25"]
[Round "3.68"]
[White "Moews, Harald"]
[Black "Girod, Gudrun"]
[Result "1-0"]
[WhiteElo "1794"]
[BlackElo "1482"]
[PlyCount "101"]
[EventDate "2016.11.23"]
[EventType "swiss"]
[EventRounds "9"]
[EventCountry "GER"]
[SourceTitle "EXT 2018"]
[Source "ChessBase"]
[SourceDate "2017.10.13"]
[SourceVersion "1"]
[SourceVersionDate "2017.10.13"]
[SourceQuality "1"]

1. e4 e6 2. d4 d5 3. e5 c5 4. c3 cxd4 5. cxd4 Bb4+ 6. Nc3 Bxc3+ 7. bxc3 Ne7 8. Bd3 0-0 9. f4 Nf5 10. Bxf5 exf5 11. Nf3 Be6 12. 0-0 h6 13. a4 b6 14. g3 Nd7 15. h4 f6 16. Ba3 Rf7 17. Qd3 fxe5 18. fxe5 Rc8 19. Bb4 Nb8 20. Nh2 Qc7 21. a5 b5 22. Bc5 a6 23. Rf2 Nd7 24. Bb4 Qc4 25. Qf3 g6 26. Qf4 Kh7 27. Nf1 Qd3 28. Re1 Qc4 29. Ne3 Qc6 30. Kh2 h5 31. Ng2 Qc7 32. Qf3 Nb8 33. Nf4 Qd7 34. Bc5 Nc6 35. Bb6 Ne7 36. Qe3 Ng8 37. Qd2 Nh6 38. Rf3 Rc4 39. Bc5 Qc8 40. Nd3 Ng4+ 41. Kg2 Qd8 42. Nb2 Rxc5 43. dxc5 Qxa5 44. Qd4 Qa2 45. Re2 Rc7 46. Rd2 Qa5 47. Nd3 Qa4 48. Nf4 Re7 49. Nxe6 Rxe6 50. Qxd5 Rxe5 51. Qf7+ 1-0

[Event "GER-chB Seniors 27th"]
[Site "Magdeburg"]
[Date "2015.08.18"]
[Round "4"]
[White "Geibel, Henning"]
[Black "Girod, Gudrun"]
[Result "1/2-1/2"]
[WhiteElo "1476"]
[BlackElo "1548"]
[PlyCount "53"]
[EventDate "2015.08.15"]
[EventType "swiss"]
[EventRounds "9"]
[EventCountry "GER"]
[SourceTitle "EXT 2018"]
[Source "ChessBase"]
[SourceDate "2017.10.13"]
[SourceVersion "1"]
[SourceVersionDate "2017.10.13"]
[SourceQuality "1"]

1. e4 e6 2. Bc4 d5 3. exd5 exd5 4. Be2 Nf6 5. Nf3 Be7 6. 0-0 0-0 7. h3 Bf5 8. d4 h6 9. b3 Nbd7 10. Ba3 Bxa3 11. Nxa3 c6 12. c4 Rc8 13. cxd5 cxd5 14. Nb5 Qb6 15. a4 a6 16. Na3 Ne4 17. Ne5 Nxe5 18. dxe5 Nc3 19. Qe1 d4 20. Nc4 Qxb3 21. Nd6 Nxe2+ 22. Qxe2 Bd3 23. Qa2 Qxa2 24. Rxa2 Bxf1 25. Nxc8 Rxc8 26. Kxf1 Rc1+ 27. Ke2 1/2-1/2